BESTE FREUNDE (Record no. 51286)

MARC details
000 -LÍDER
campo de controle de tamanho fixo 00254 a2200109 4500
001 - NÚMERO DE CONTROLE
campo de controle 51286
040 ## - FONTE DA CATALOGAÇÃO
Instituição que transcreveu o registro Anchieta - Pituba
240 10 - TÍTULO UNIFORME
Título uniforme BESTE FREUNDE
Idioma da obra
245 10 - TÍTULO
Título BESTE FREUNDE
650 #4 - ASSUNTO--TERMO TÓPICO
Cabeçalho tópico ou nome geográfico Línguas germânicas (teutônicas) língua alemã
942 ## - ELEMENTOS DE ENTRADA ADICIONADOS (KOHA)
Tipo de material Koha Materiais mixtos
Holdings
Situação do descarte Situação das perdas Situação física Não pode ser emprestado Biblioteca de origem Biblioteca atual Data de aquisição Total de empréstimos Número de chamada completo Código de barras Data de último acesso Data do preço efetivo Tipo de material Koha
        Colégio Anchieta - Pituba Colégio Anchieta - Pituba 21/11/2023   430 BES 658/PIT 21/11/2023 21/11/2023 Materiais mixtos